Statistiques concernant Culture Générale - Série 1064

Cliquez ici pour prendre le quiz!

Statistiques générales

  • Ce quiz a été pris 39 fois
  • Le résultat moyen est 4 sur 10

Statistiques - réponses

Question Réponse % Correct
Tiré de la mythologie grecque, on dit d'un travail colossal, que c'est un travail de ...titan
92%
Comment a-t-on appelé la guerre 1914-1918 ?La Grande Guerre
71%
Comment a-t-on appelé le XVIIIème siècle français ?Le siècle des Lumières
71%
Comment appelle-t-on l'armée soviétique ?L'armée rouge
55%
Comment a-t-on appelé les journées des 27,28,29 juillet 1830 ?Les Trois Glorieuses
29%
Comment a-t-on appelé la guerre 1939-1940 ?La drôle de guerre
18%
Comment a-t-on appelé les années 1900 ?La Belle Époque
16%
Comment a-t-on appelé le Vème siècle av. J.-C. en Grèce ?Le siècle de Périclès
13%
Comment a-t-on appelé le XVIème siècle espagnol ?Le Siècle d'or
5%
Comment a-t-on appelé la Résistance pendant la Seconde Guerre mondiale ?L'Armée des ombres
0%

Distribution des résultats

Percentile par nombre de réponses

% des personnes avec chaque résultat

Votre développement - résultats

Vous n’avez pas pris ce quiz